[Event "Macapa Franco Memorial 6th"]
[Site "Macapa"]
[Date "2018.10.12"]
[Round "3"]
[White "Ribeiro de Melo, Vitor"]
[Black "Montero del Aguila, Victor"]
[Result "0-1"]
[WhiteElo "1434"]
[BlackElo "1737"]
[PlyCount "54"]
[EventDate "2018.10.11"]
[EventType "swiss"]
[EventRounds "6"]
[EventCountry "BRA"]
[SourceTitle "CBM 186 Extra"]
[Source "ChessBase"]
[SourceDate "2018.08.24"]
[SourceVersion "1"]
[SourceVersionDate "2018.08.24"]
[SourceQuality "1"]

1. e4 c5 2. Nf3 e6 3. d4 cxd4 4. Nxd4 Nf6 5. Nc3 Bb4 6. Bg5 Qa5 7. Nde2 Qxg5 8. g3 Nxe4 9. Qd3 d5 10. Bg2 f5 11. 0-0 Nc6 12. Nb5 0-0 13. Nf4 Rf7 14. c3 Bc5 15. Nd4 Ne5 16. Ndxe6 Bxe6 17. Nxe6 Nxd3 18. Nxg5 Nxg5 19. Bxd5 Nh3+ 20. Kg2 Nhxf2 21. b4 Bb6 22. a4 Rd8 23. Bxf7+ Kxf7 24. a5 Be3 25. Kf3 Ng4 26. Ra2 Bg5 27. Rd1 Nge5+ 0-1